[Event "PRAGUE OPEN 2019 - A - IM open"]
[Site "Praha, Olympik hotel"]
[Date "2019.01.11"]
[Round "1"]
[White "Kalinowska, Zuzanna"]
[Black "Postny, Evgeny"]
[Result "0-1"]
[BlackElo "2623"]
[WhiteElo "2080"]
[LiveChessVersion "1.4.8"]

1. d4 d5 2. c4  dxc4  3. e3  Nf6
 4. Bxc4  e6  5. Nf3
 a6 6. O-O  b5  7. Be2
 Bb7  8. a4  b4 
9. Nbd2  c5  10. Nc4  Nc6 11. Re1
 cxd4  12. exd4  Be7
 13. h3  O-O  14. Bf4
 Na5  15. Nfe5  Nxc4
 16. Bxc4  Rc8  17. Qd3
 a5  18. Rad1  Nd5
 19. Bh2  Nb6  20. Bb3
 Bd5  21. Bc2  g6
 22. Bf4  Bg5  23. Bc1
 Bxc1  24. Rxc1 b3 0-1

[Event "PRAGUE OPEN 2019 - A - IM open"]
[Site "Praha, Olympik hotel"]
[Date "2019.01.11"]
[Round "1"]
[White "Pechac, Jergus"]
[Black "Leskiewicz, Ignacy"]
[Result "1-0"]
[BlackElo "2077"]
[WhiteElo "2472"]
[LiveChessVersion "1.4.8"]

1. d4  Nf6  2. c4  g6
 3. Nc3  Bg7  4. e4
 d6  5. h3  c5 
6. dxc5  Qa5  7. Bd2  Qxc5
 8. Nf3  O-O  9. Be2
 Nbd7  10. O-O  Qc7
 11. Rc1  Nc5  12. Qc2
 a5  13. b3  b6 
14. Rfe1  Qb7  15. Bf1  Bd7
 16. Bg5  Rfe8  17. Rcd1
 Ne6  18. Bc1  Bc6
 19. Nd5  Nc7  20. Bg5
 a4  21. b4  Bxd5
 22. exd5  b5  23. Bxf6
 Bxf6  24. c5  dxc5
 25. bxc5  b4  26. Bc4
 Nb5  27. c6  Qb6
 28. Bxb5  Qxb5  29. Qe4
 b3  30. axb3  axb3
 31. Ne5  b2  32. Rb1
 Ra4  33. Qd3  Qxd3
 34. Nxd3  Rd4  35. Nxb2
 Rxd5  36. Na4  Ra5
 37. Nb6  Rc5  38. Rec1
 Rxc1+ 39. Rxc1  Bd4  40. Nd5
 e6  41. c7  exd5
 42. c8=Q  Rxc8  43. Rxc8+
 Kg7  44. Rd8  Kf6
 45. Rxd5  Be5  46. g3
 Ke6  47. Rb5  h5
 48. h4  Bd4  49. Kg2
 Kd6  50. f4  Bc5
 51. Kf3  Kd5  52. Rb7
 Ke6  53. Ke4  Bf2
 54. Rb3  Kf6  55. Ra3
 Be1  56. Ra6+  Kg7
 57. Kf3  Bb4  58. Ra4
 Bc5  59. Ra2  Kf6
 60. Ke4  Ke6  61. Ra6+
 Ke7  62. f5  Bd6
 63. Kd5  Bxg3  64. f6+
 Kd7  65. Ra7+  Bc7
 66. Kc5  g5  67. hxg5
 h4  68. g6  fxg6
 69. f7  Ke7  70. Rxc7+
 Kf8  71. Kd5  h3
 72. Ke6  1-0

[Event "PRAGUE OPEN 2019 - A - IM open"]
[Site "Praha, Olympik hotel"]
[Date "2019.01.11"]
[Round "1"]
[White "Ng, Jen Sheng"]
[Black "Wang, Yiye"]
[Result "1-0"]
[BlackElo "2443"]
[WhiteElo "2075"]
[LiveChessVersion "1.4.8"]

1. e4  g6  2. d4  Bg7
 3. Nc3  d6  4. f4
 a6  5. Nf3  b5 
6. Bd3  Bb7  7. a4  b4
 8. Ne2  Nd7  9. O-O
 c5  10. c3  cxd4
 11. cxd4  Ngf6  12. Ng3
 a5  13. e5  Nd5 
14. e6 fxe6  15. Ng5  Nc7  16.
Nxh7  Bxd4+  17. Kh1  Nf8
 18. Nxf8  Kxf8  19. Be4
 Bxe4  20. Qxd4  Bxg2+
 21. Kxg2  Rh4  22. b3
 Nd5  23. Bb2  Rc8
 24. Rf2  Nf6  25. Ne4
 Ng4  26. Ng5  Ke8
 27. Kg3  Nxf2  28. h4
 Rc2  29. Rc1  Re2
 30. Qc4  Rxb2  31. Qb5+
 1-0

[Event "PRAGUE OPEN 2019 - A - IM open"]
[Site "Praha, Olympik hotel"]
[Date "2019.01.11"]
[Round "1"]
[White "Xiang, Zeyu"]
[Black "Gurack, Daniel"]
[Result "1-0"]
[BlackElo "2068"]
[WhiteElo "2440"]
[LiveChessVersion "1.4.8"]

1. d4  e6  2. c4  Nf6
 3. Nf3  d5  4. g3
 Bb4+  5. Bd2  Be7
 6. Bg2  O-O  7. O-O
 c6  8. Qc2  Nbd7
 9. Rd1  Ne4  10. Bf4
 f5  11. Nc3  Ndf6
 12. Ne5  Nxc3  13. Qxc3
 Ne4  14. Qc2  Bf6
 15. Rac1  Bg5  16. Bxg5
 Nxg5  17. b4  a6
 18. a4  Bd7  19. Rd3
 Qe7  20. cxd5  exd5
 21. b5  axb5  22. axb5
 Rac8  23. Qc5  Qe6
 24. Ra1  Ne4  25. Qb6
 Nd6  26. Re3  f4
 27. gxf4  Nf5  28. Bh3
 Ra8  29. Rf1  Qh6
 30. Rf3  Be6  31. bxc6
 bxc6  32. Nxc6  Rf6
 33. Qb7  Raf8  34. Bxf5
 Bxf5  35. Ne7+  Kh8
 36. Nxf5  Rxf5  37. e3
 Rh5  38. Rg3  Rg8
 39. Rg2  Qe6  40. Ra1
 g5  41. Ra8  h6 
42. Rxg8+  Kxg8  43. fxg5  hxg5
 44. h4  g4  45. Qb8+
 Kh7  46. Qg3  1-0

[Event "PRAGUE OPEN 2019 - A - IM open"]
[Site "Praha, Olympik hotel"]
[Date "2019.01.11"]
[Round "1"]
[White "Patil, Mitali Madhukar"]
[Black "Frolov, Artur"]
[Result "0-1"]
[BlackElo "2430"]
[WhiteElo "2062"]
[LiveChessVersion "1.4.8"]

1. e4  c5  2. c3  d5
 3. exd5  Qxd5  4. d4
 Nc6  5. Nf3  Nf6
 6. Be2  cxd4  7. cxd4
 e6  8. O-O  Be7 
9. Nc3  Qd8  10. a3  O-O
 11. Be3  b6  12. Ne5
 Bb7  13. Qa4  Nxe5
 14. dxe5  Nd5  15. Nxd5
 Bxd5  16. Rfd1  Qb8
 17. Qd7  Bc5  18. Bf4
 Rd8  19. Qa4  a6
 20. Rac1  Qb7  21. Bg5
 Rdc8  22. Qg4  Bf8
 23. Be3  b5  24. Bd3
 g6  25. h4  Bg7 
26. Bd4  h5  27. Qg5  Be4
 28. Bc3  Bxd3  29. Rxd3
 Rc4  30. g3  a5 
31. Rcd1  b4  32. Rd7  Qf3
 33. R1d3  Qf5  34. Rd8+
 Rxd8  35. Rxd8+  Kh7
 36. Qxf5  gxf5  37. axb4
 axb4  38. Rd4  Rxd4
 39. Bxd4  f4  40. gxf4
 Kg6  41. Kg2  b3
 42. f3  Kf5  43. Kg3
 Bf8  44. Be3  Ba3
 45. Bc1  Bb4  46. Kf2
 Be7  47. Kg3  f6
 48. exf6  Bxf6  49. Kh3
 Bg7  50. Kg2  Bh6
 51. Kg3  e5  52. Bd2
 exf4+  53. Kg2  Bg7
 54. Bc1  Bd4  55. Kh2
 Bf2  56. Bd2  Bd4
 57. Bc1  Be3  58. Bxe3
 fxe3  59. Kg3  Ke5
 60. f4+  Ke4  61. f5
 Kd3  62. f6  e2 
0-1

[Event "PRAGUE OPEN 2019 - A - IM open"]
[Site "Praha, Olympik hotel"]
[Date "2019.01.11"]
[Round "1"]
[White "Neuman, Petr"]
[Black "Kristiansen, Willy"]
[Result "1/2-1/2"]
[BlackElo "2060"]
[WhiteElo "2428"]
[LiveChessVersion "1.4.8"]

1. d4  d5  2. c4  e6
 3. Nc3  Be7  4. Nf3
 Nf6  5. Bf4  O-O
 6. e3  Nbd7  7. Qc2
 c5  8. cxd5  Nxd5
 9. Nxd5  exd5  10. Bd3
 Qa5+  11. Qd2  Qxd2+
 12. Kxd2  c4  13. Bc2
 b5  14. e4  Bb7 
15. e5  Rfe8  16. Bg5  Bb4+
 17. Kd1  h6  18. Bd2
 Be7  19. Ne1  f6
 20. Bg6  fxe5  21. Bxe8
 Rxe8  22. Nc2  Bf6
 23. Re1  Rc8  24. Be3
 a5  25. Kd2  b4 
26. Rac1  exd4  27. Bxd4  Bg5+
 28. Be3  Bf6  29. Bd4
 Bg5+  30. Be3  Bf6
 31. Bd4  Bg5+  1/2-1/2

[Event "PRAGUE OPEN 2019 - A - IM open"]
[Site "Praha, Olympik hotel"]
[Date "2019.01.11"]
[Round "1"]
[White "Mastroddi, Emiliano"]
[Black "Plischki, Sebastian"]
[Result "0-1"]
[BlackElo "2426"]
[WhiteElo "2058"]
[LiveChessVersion "1.4.8"]

1. e4  c5  2. c3  Nf6
 3. e5  Nd5  4. d4
 cxd4  5. cxd4  d6
 6. Nf3  Nc6  7. Bc4
 dxe5  8. Nxe5  e6
 9. O-O  Be7  10. Nc3
 Nxc3  11. Nxc6  Nxd1
 12. Nxd8  Nxb2  13. Nxe6
 Nxc4  14. Nc7+  Kd7
 15. Nxa8  Bd6  16. Bg5
 b6  17. Rfe1  Ba6
 18. Nxb6+  axb6  19. Rab1
 Ra8  20. Rec1  b5
 21. h3  b4  22. Bh4
 Bb5  23. Bg3  Bf8
 24. Rc2  Kc6  25. d5+
 Kxd5  26. Rd1+  Kc6
 27. Rdc1  Bc5  28. Bf4
 Kb6  29. Be3  Bxe3
 30. fxe3  Nxe3  31. Rb2
 Nd5  32. Rd1  Bc4
 33. Rdd2  Kc5  34. Rf2
 f6  35. g4  Ra3 
36. Kh2  g5  0-1

[Event "PRAGUE OPEN 2019 - A - IM open"]
[Site "Praha, Olympik hotel"]
[Date "2019.01.11"]
[Round "1"]
[White "Liu, Guanchu"]
[Black "Shintre, Neel"]
[Result "1-0"]
[BlackElo "2053"]
[WhiteElo "2425"]
[LiveChessVersion "1.4.8"]

1. e4  e5  2. Nf3  Nc6
 3. c3  Nf6  4. d4
 exd4  5. e5  Nd5
 6. Qb3  Nb6  7. cxd4
 d6  8. Bb5  Bd7 
9. O-O  dxe5  10. dxe5  Be7
 11. Rd1  Qc8  12. Bg5
 Na5  13. Bxd7+  Nxd7
 14. Qa4  Nc6  15. Bxe7
 Nb6  16. Qa3  Nxe7
 17. Nc3  Nc6  18. Ne4
 Qe6  19. Nc5  Qe7
 20. Qc3  Nd8  21. Nxb7
 O-O  22. Nc5  Rb8
 23. b3  Ne6  24. Rac1
 Nf4  25. Qd2  Nfd5
 26. Nd4  Qh4  27. Nc6
 Rbe8  28. Nd7  Nxd7
 29. Qxd5  Nb6  30. Qc5
 f6  31. Ne7+  Kh8
 32. e6  Qg5  33. Qxg5
 fxg5  34. Rxc7  Rf6
 35. Re1  Rd8  36. f3
 Rd2  37. Ng6+  hxg6
 38. e7  Re6  39. Rxe6
 Rd1+  40. Kf2  Rd2+
 41. Ke1  Rd8  42. exd8=Q+
 Kh7  43. Re8  Nc8
 44. Rh8# 1-0

[Event "PRAGUE OPEN 2019 - A - IM open"]
[Site "Praha, Olympik hotel"]
[Date "2019.01.11"]
[Round "1"]
[White "Polansky, Adam Lubos"]
[Black "Lalic, Bogdan"]
[Result "1/2-1/2"]
[BlackElo "2418"]
[WhiteElo "2046"]
[LiveChessVersion "1.4.8"]

1. d4  Nf6  2. c4  g6
 3. g3  c5  4. Nf3
 Bg7  5. Bg2  Qa5+
 6. Nc3  Ne4  7. Bd2
 Nxd2  8. Qxd2  cxd4
 9. Nxd4  Nc6  10. e3
 O-O  11. O-O  Rb8
 12. Rfd1  Nxd4  13. exd4
 d6  14. Nd5  Qd8
 15. Rac1  e6  16. Ne3
 b6  17. Nc2  a5 
18. b4  Ba6  19. b5  Bb7
 20. a4  Bxg2  21. Kxg2
 Rc8  22. Ne3  Qe7
 23. Rc2  Qb7+  24. Kg1
 Rfd8  25. Qe2  Bh6
 26. f4  Bg7  27. Kf2
 f5  28. c5  dxc5
 29. dxc5  bxc5  30. Rxc5
 Bf8  1/2-1/2

[Event "PRAGUE OPEN 2019 - A - IM open"]
[Site "Praha, Olympik hotel"]
[Date "2019.01.11"]
[Round "1"]
[White "Naumkin, Igor"]
[Black "Chyzy, Jakub"]
[Result "1-0"]
[BlackElo "2045"]
[WhiteElo "2418"]
[LiveChessVersion "1.4.8"]

1. d4  d5  2. c4  e6
 3. Nf3  Nf6  4. Nc3
 Nbd7  5. Bg5  c6
 6. e3  Qa5  7. cxd5
 Nxd5  8. Qd2  N7b6
 9. Bd3  Nxc3  10. bxc3
 Na4  11. O-O  Qxc3
 12. Qe2  Qb2  13. Bc2
 Nc3  14. Qd3  Nd5
 15. Bb3  h6  16. Bh4
 Qc3  17. Qe2  Bd6
 18. Nd2  Qb4  19. Rac1
 O-O  20. Ne4  Bb8
 21. f4  a5  22. Rb1
 Nc3  23. Nxc3  Qxc3
 24. Be1  1-0

[Event "PRAGUE OPEN 2019 - A - IM open"]
[Site "Praha, Olympik hotel"]
[Date "2019.01.11"]
[Round "1"]
[White "Tesar, Jan"]
[Black "Spiess, Gunter"]
[Result "0-1"]
[BlackElo "2414"]
[WhiteElo "2043"]
[LiveChessVersion "1.4.8"]

1. c4  e6  2. e4  d5
 3. exd5  exd5  4. d4
 Nf6  5. Nf3  Bb4+
 6. Nc3  O-O  7. Be2
 h6  8. O-O  Nc6 
9. h3  Be6  10. c5  Bxc3
 11. bxc3  Ne4  12. Qb3
 Na5  13. Qa3  b6
 14. Nd2  Qd7  15. Nxe4
 dxe4  16. Bf4  g5
 17. Bh2  f5  18. f3
 Nc4  19. Qa6  Ne3
 20. Rf2  Nd5  21. fxe4
 fxe4  22. Rxf8+  Rxf8
 23. Qxa7  Nxc3  24. Ba6
 Qxd4+  25. Kh1  Nb5
 26. Bxb5  Qxa1+  27. Bg1
 Qe5  28. a4  e3 
29. cxb6  cxb6  30. Be2  Bd5
 31. Qxb6  Qe4  32. Bf3
 Rxf3  0-1

[Event "PRAGUE OPEN 2019 - A - IM open"]
[Site "Praha, Olympik hotel"]
[Date "2019.01.11"]
[Round "1"]
[White "Kacharava, Nikolozi"]
[Black "Koridze, Lile"]
[Result "1-0"]
[BlackElo "2034"]
[WhiteElo "2397"]
[LiveChessVersion "1.4.8"]

1. e4  c5  2. Nf3  g6
 3. c3  Bg7  4. d4
 cxd4  5. cxd4  d5
 6. e5  Nh6  7. Nc3
 Nc6  8. Bb5  O-O
 9. h3  f6  10. O-O
 Be6  11. Re1  Qc8
 12. Bf4  fxe5  13. Bxc6
 Qxc6  14. Bxe5  Rae8
 15. Qe2  Bf7  16. Bxg7
 Kxg7  17. Ne5  Qd6
 18. Nb5  Qd8  19. Rac1
 Nf5  20. Nxf7  Rxf7
 21. Nc7  Kg8  22. Nxe8
 Qxe8  23. Qe5  Qd8
 24. Rc7  Nxd4  25. Rxe7
 Rxe7  26. Qxe7  Qxe7
 27. Rxe7  1-0

[Event "PRAGUE OPEN 2019 - A - IM open"]
[Site "Praha, Olympik hotel"]
[Date "2019.01.11"]
[Round "1"]
[White "Machala, Vladislav"]
[Black "Roeder, Matthias"]
[Result "0-1"]
[BlackElo "2396"]
[WhiteElo "2034"]
[LiveChessVersion "1.4.8"]

1. Nf3  d5  2. c4  c6
 3. e3  Nf6  4. d4
 Bg4  5. Nbd2  e6
 6. Bd3  Nbd7  7. Qc2
 Bh5  8. h3  Bg6 
9. b3  Bb4  10. O-O  O-O
 11. Bxg6  hxg6  12. a3
 Bxd2  13. Nxd2  a5
 14. Bb2  a4  15. b4
 b5  16. c5  g5 
17. e4  Nxe4  18. Nxe4  dxe4
 19. Qxe4  Rc8  20. f4
 Nf6  21. Qe5  g4
 22. f5  Re8  23. hxg4
 Nxg4  24. Qg3  Qg5
 25. Bc1  Qh5  26. f6
 Qg6  27. fxg7  Qxg7
 28. Bb2  f5  29. Rae1 Qg6
 30. Rf3  Kf7  31. Qf4
 Red8  32. Rg3  Rd5
 33. Rh3  Ke7  34. Qf3
 Rg8  35. Re2  Kd7
 36. Qg3  Kc8  37. Qe1
 Kd7  38. Qc3  e5
 39. dxe5  Ke6  40. Rd2
 Rgd8  41. Rxd5  Rxd5
 42. Qc2  Qg5  43. Bc1
 Qd8  44. Rf3  Rd1+
 45. Rf1  Qd4+  0-1

[Event "PRAGUE OPEN 2019 - A - IM open"]
[Site "Praha, Olympik hotel"]
[Date "2019.01.11"]
[Round "1"]
[White "Krivonosov, Oleg"]
[Black "Molkanov, Oleg"]
[Result "1-0"]
[BlackElo "2034"]
[WhiteElo "2390"]
[LiveChessVersion "1.4.8"]

1. Nf3  f5  2. g3  Nf6
 3. Bg2  g6  4. b3
 Bg7  5. Bb2  d6 
6. d4  O-O  7. O-O  c6
 8. c4  Qe8  9. d5
 cxd5  10. cxd5  Na6
 11. Nc3  Bd7  12. Nd4
 Nc7  13. Qd2  h6
 14. Rac1  Rc8  15. e3
 Qf7  16. Rfd1  Kh8
 17. Ne6  Nxe6  18. dxe6
 Bxe6  19. Bxb7  Rc7
 20. Bg2  Rc5  21. Ne2
 Ne4  22. Bxg7+  Kxg7
 23. Qd4+  Kg8  24. Rxc5
 dxc5  25. Qe5  g5
 26. Nc3  Nxc3  27. Qxc3
 Rc8  28. Qe5  Qf6
 29. Qxf6  exf6  30. Rd6
 Kf7  31. Ra6  Rc7
 32. Bf1  Bc8  33. Bc4+
 Ke7  34. Ra5  Kd6
 35. Kf1  Kc6  36. Bd3
 Kb6  37. Rb5+  Kc6
 38. Rb8  Kd5  39. Ke1
 Ke5  40. f4+  Kd5
 41. Kd2  Kc6  42. Kc3
 Kd5  43. h4  Kd6
 44. Bf1  Ke6  45. Be2
 Kd6  46. Bb5  Ke7
 47. Kc2  Kd6  48. Be2
 Kd7  49. Bf3  Ke7
 50. a3  Ke6  51. Kd2
 Rd7+  52. Ke1  Rc7
 53. Be2  Kd5  54. Kf2
 Ke6  55. Bd3  Kd5
 56. Ke2  Kd6  57. Rb5
 Kc6  58. b4  Kd6
 59. Ra5  Kd5  60. bxc5
 Kc6  61. Bc2  gxh4
 62. gxh4  Rg7  63. Kf2
 a6  64. Ba4+  Kc7
 65. c6  Rg4  66. Bd1
 Rxh4  67. Bf3  Rh2+
 68. Bg2  Rh4  69. Rc5
 Kd6  70. Rc1  Rg4
 71. c7  Rg8  72. Rc6+
 Ke7  73. Rb6  Rf8
 74. Bb7  Bxb7  75. Rxb7
 Kd7  76. Ra7  Rc8
 77. Rxa6  Kxc7  78. Rxf6
 Ra8  79. Rxf5  1-0

[Event "PRAGUE OPEN 2019 - A - IM open"]
[Site "Praha, Olympik hotel"]
[Date "2019.01.11"]
[Round "1"]
[White "Dwilewicz, Katarzyna"]
[Black "Zhang, Ziji"]
[Result "0-1"]
[BlackElo "2387"]
[WhiteElo "2027"]
[LiveChessVersion "1.4.8"]

1. e4  c5  2. Nf3  Nc6
 3. Bb5  Nf6  4. Nc3
 g6  5. O-O  Bg7 
6. d3  O-O  7. h3  d6
 8. Be3  Na5  9. d4
 cxd4  10. Nxd4  a6
 11. Be2  b5  12. Bf3
 Bb7  13. a4  b4 
14. Nd5  Nc4  15. Bc1  Ne5
 16. Nxb4  Nxf3+  17. Qxf3
 Bxe4  18. Qe2  Qb6
 19. c3  e5  20. a5
 Qc7  21. Nf3  Bb7
 22. Rd1  h6  23. Be3
 Rfe8  24. Nd2  d5
 25. Bb6  Qc8  26. Nb3
 Bf8  27. Rd2  d4
 28. Rc1  Qf5  29. Rdd1
 Nh5  30. f3  Nf4
 31. Qf1  Qg5  32. Kh2
 Bxb4  33. cxb4  Nd5
 34. Qf2  Nxb6  35. axb6
 Qf6  36. Qd2  Qxb6
 37. Nc5  Kg7  38. f4
 Rad8  39. fxe5  Rxe5
 40. Rc4  Red5  41. Qf4
 d3  42. Nxb7  Qxb7
 43. Rc7  Rf5  44. Qxh6+
 Kxh6  45. Rxb7  Rf2
 46. Kg3  Rxb2  47. Rxf7
 Rxb4  48. Kf3  d2
 49. Ke3  Rb6  50. Re7
 Rbd6  51. h4  Kh5
 52. Re4  Rd3+  53. Ke2
 R3d4  54. Re6  R8d6
 55. Re5+  Kxh4  56. Ke3
 R4d5  57. Re4+  Kg3
 58. Ke2  g5  0-1

[Event "PRAGUE OPEN 2019 - A - IM open"]
[Site "Praha, Olympik hotel"]
[Date "2019.01.11"]
[Round "1"]
[White "Low, Zhen Yu Cyrus"]
[Black "Koubova, Anna Marie"]
[Result "1-0"]
[BlackElo "2021"]
[WhiteElo "2385"]
[LiveChessVersion "1.4.8"]

1. e4  c5  2. Ne2  d6
 3. g3  Nf6  4. Bg2
 g6  5. c3  Bg7 
6. d4  O-O  7. O-O  Nc6
 8. d5  Nb8  9. a4
 e5  10. Na3  Nbd7
 11. b4  Ne8  12. Be3
 b6  13. a5  f5 
14. Qd2  Ndf6  15. f3  Nh5
 16. Rab1  Ba6  17. bxc5
 bxc5  18. c4  Nef6
 19. Bg5  Qd7  20. Nb5
 Rab8  21. Nec3  Ne8
 22. Bh3  Nc7  23. Nxa7
 Bxc4  24. Nc6  Ra8 25. Rfc1
 Nf6  26. Na4  Bxd5
 27. Bxf6  Bxc6  28. Nb6
 Qe6  29. Bxg7  Kxg7
 30. Nxa8  Rxa8  31. exf5
 gxf5  32. Qg5+  Kh8
 33. Bxf5  Qf7  34. Rb6
 Rg8  35. Qh6  Bxf3
 36. Bxh7  Qxh7  37. Qf6+
 Qg7  38. Qxf3  Rf8
 39. Qh5+  1-0

[Event "PRAGUE OPEN 2019 - A - IM open"]
[Site "Praha, Olympik hotel"]
[Date "2019.01.11"]
[Round "1"]
[White "Pribyl, Viktor"]
[Black "Vokac, Marek"]
[Result "0-1"]
[BlackElo "2380"]
[WhiteElo "2020"]
[LiveChessVersion "1.4.8"]

1. d4  c5  2. c3  Qc7
 3. g3  Nf6  4. Bg2
 d6  5. Nf3  g6 
6. O-O  Bg7  7. dxc5  Qxc5
 8. Be3  Qh5  9. Qa4+
 Nc6  10. Nd4  O-O
 11. Nxc6  bxc6  12. Qxc6
 Ng4  13. h4  Nxe3
 14. Qxa8  Nxf1  15. Bxf1
 Qb5  16. b4  Qb6
 17. Bg2  Ba6  18. Qe4
 e6  19. a4  d5 
20. Qc2  Rc8  21. b5  Bb7
 22. Ra3  a6  23. e4
 d4  24. c4  axb5
 25. axb5  Bf8  26. Ra2
 Bb4  27. Kh2  Qc5
 28. Ra4  e5  29. Qb2
 Be1  30. Qe2  Bc3
 31. Qc2  Rd8  32. Qd3
 Bb4  33. Na3  Qe7
 34. Nc2  Bc5  35. Ne1
 f5  36. Kg1  Qf7
 37. f3  Qf6  38. Ra2
 f4  39. g4  Qxh4
 40. Kf1  Qh2  41. Ra4
 h5  42. gxh5  gxh5
 43. b6  Qh4  44. Ke2
 Rd6 45. Qb3  d3+  46. Nxd3
 Qh2  47. Kd2  Qxg2+
 48. Kc3  Qxf3  0-1

[Event "PRAGUE OPEN 2019 - A - IM open"]
[Site "Praha, Olympik hotel"]
[Date "2019.01.11"]
[Round "1"]
[White "Gschnitzer, Oswald"]
[Black "Sedlacek, Tomas"]
[Result "1-0"]
[BlackElo "2016"]
[WhiteElo "2370"]
[LiveChessVersion "1.4.8"]

1. Nf3  Nc6  2. d4  d5
 3. Bf4  Bg4  4. e3
 e6  5. c4  Bd6 
6. Bg3  Nf6  7. Nc3  O-O
 8. Bh4  Be7  9. Be2
 dxc4  10. Bxc4  Bxf3
 11. Qxf3  e5  12. d5
 e4  13. Nxe4  Ne5
 14. Nxf6+  Bxf6  15. Qe4
 Bxh4  16. Qxe5  Bf6
 17. Qe4  Bxb2  18. Rb1
 Bc3+  19. Ke2  b6
 20. h4  f5  21. Qd3
 Qf6  22. d6+  Kh8
 23. dxc7  Be5  24. Rbc1
 Bxc7  25. Bd5  Rac8
 26. Rc6  Qb2+  27. Rc2
 Qe5  28. f4  Qd6
 29. Rhc1  Rcd8  30. Rxc7
 Qxd5  31. Qxd5  Rxd5
 32. Rxa7  Rd6  33. Rcc7
 Rg6  34. Kf3  h5
 35. Rf7  Kg8  36. Rfb7
 Re8  37. Rf7  Rf8
 38. Rfb7  Re8  39. Rd7
 Rf8  40. Re7  Kh8
 41. a4  Kh7  42. Rf7
 Kg8  43. Rxf8+  Kxf8
 44. Ra8+  Kf7  45. Rh8
 Rc6  46. Rxh5  Kg6
 47. Rg5+  Kf6  48. h5
 Rc4  49. Rg6+  Kf7
 50. Rxb6  Rxa4  51. g4
 fxg4+  52. Kxg4  Ra1
 53. h6  1-0

[Event "PRAGUE OPEN 2019 - A - IM open"]
[Site "Praha, Olympik hotel"]
[Date "2019.01.11"]
[Round "1"]
[White "Czernek, Tymon"]
[Black "Gschnitzer, Adrian"]
[Result "1/2-1/2"]
[BlackElo "2368"]
[WhiteElo "2012"]
[LiveChessVersion "1.4.8"]

1. e4  c5  2. Nf3  Nc6
 3. d3  g6  4. g3
 Bg7  5. Bg2  Nf6
 6. O-O  O-O  7. c3
 d5  8. Nbd2  b6 
9. Re1  dxe4  10. dxe4  Nd7
 11. e5  Rb8  12. e6
 Nde5  13. exf7+  Kh8
 14. Ng5  h6  15. Bxc6
 Nxc6  16. Ne6  Bxe6
 17. Rxe6  Qd7  18. Qe2
 Rxf7  19. Rxg6  Rbf8
 20. f4  e5  21. Nf3
 Re7  22. f5  Rxf5
 23. Bxh6  Bxh6  24. Rxh6+
 Kg7  25. Rd1  Nd4
 26. Nxd4  exd4  27. Qd2
 Qe8  28. Rh4  Rh5
 29. Rxh5  Qxh5  30. Re1
 Rxe1+  31. Qxe1  d3
 32. Qe7+  Qf7  33. Qe5+
 Kg8  34. Qg5+  Kh7
 35. Qh4+  Kg7  36. Qg4+
 1/2-1/2

[Event "PRAGUE OPEN 2019 - A - IM open"]
[Site "Praha, Olympik hotel"]
[Date "2019.01.11"]
[Round "1"]
[White "Lin, Yi"]
[Black "Gokhale, Anupama"]
[Result "1-0"]
[BlackElo "2009"]
[WhiteElo "2359"]
[LiveChessVersion "1.4.8"]

1. d4  Nf6  2. c4  e6
 3. Nf3  Bb4+  4. Bd2
 c5  5. g3  Qb6 
6. Bg2  Bxd2+  7. Qxd2  Ne4
 8. dxc5  Qxc5  9. Qd4
 f5  10. Qxc5  Nxc5
 11. Nc3  Nc6  12. O-O
 Ke7  13. Rfd1  Rb8
 14. Nd4  Nxd4  15. Rxd4
 a5  16. Rad1  b6
 17. e4  g6  18. e5
 Rd8  19. Rd6  Bb7
 20. b3  Bxg2  21. Kxg2
 Rdc8  22. Na4  Nxa4
 23. Rxd7+  Ke8  24. bxa4
 Rd8  25. Rxh7  Rxd1
 26. Rh8+  Kd7  27. Rxb8
 Rc1  28. Rb7+  Kc6
 29. Re7  Rxc4  30. Rxe6+
 Kd5  31. Rxg6  Rxa4
 32. Rxb6  Rxa2  33. e6
 Re2  34. Ra6  a4
 35. Rxa4  Kxe6  36. h4
 Rb2  37. Ra6+  Ke5
 38. h5  Rc2  39. h6
 Rb2  40. h7  Rb8
 41. Rh6  Rh8  42. Kf3
 1-0

[Event "PRAGUE OPEN 2019 - A - IM open"]
[Site "Praha, Olympik hotel"]
[Date "2019.01.11"]
[Round "1"]
[White "Duzy, Stefan"]
[Black "Vojta, Tomas"]
[Result "0-1"]
[WhiteElo "2007"]
[BlackElo "2351"]
[PlyCount "44"]
[EventDate "2019.01.11"]

1. e4 d5 2. exd5 Nf6 3. c4 e6 4. d4 exd5 5. Nf3 Bb4+ 6. Nc3 O-O 7. Bd3 Bg4 8.
Be3 Nc6 9. O-O dxc4 10. Bxc4 a6 11. Be2 Re8 12. Qb3 Be6 13. Qa4 Nd5 14. Nxd5
Bxd5 15. Rfd1 Bd6 16. Ne1 b5 17. Qc2 Nb4 18. Qb1 Qh4 19. g3 Qf6 20. Bf1 Be4 21.
Qc1 Nc2 22. f3 Nxe3 0-1

[Event "PRAGUE OPEN 2019 - A - IM open"]
[Site "Praha, Olympik hotel"]
[Date "2019.01.11"]
[Round "1"]
[White "Cerveny, Petr"]
[Black "Pycha, Patrik"]
[Result "1-0"]
[WhiteElo "2318"]
[BlackElo "1998"]
[PlyCount "45"]
[EventDate "2019.01.11"]

1. e4 e6 2. d4 d5 3. Nc3 Bb4 4. exd5 exd5 5. Bd3 Nf6 6. Nge2 Bg4 7. f3 Bh5 8.
Nf4 Nc6 9. Qe2+ Qe7 10. Qxe7+ Nxe7 11. O-O O-O-O 12. a3 Ba5 13. Nce2 Rhe8 14.
Nxh5 Nxh5 15. Ng3 Nxg3 16. hxg3 f5 17. c3 c6 18. Bg5 g6 19. Rae1 Rd7 20. Re6
Bd8 21. Rfe1 Rc7 22. Kf2 Kd7 23. Bf4 1-0

[Event "PRAGUE OPEN 2019 - A - IM open"]
[Site "Praha, Olympik hotel"]
[Date "2019.01.11"]
[Round "1"]
[White "Novak, Josef Jan"]
[Black "Liu, Zhaoqi"]
[Result "0-1"]
[WhiteElo "1979"]
[BlackElo "2300"]
[PlyCount "58"]
[EventDate "2019.01.11"]

1. d4 Nf6 2. c4 c5 3. d5 e6 4. Nc3 exd5 5. cxd5 d6 6. e4 g6 7. f4 Bg7 8. Bb5+
Nfd7 9. a4 O-O 10. Nf3 Na6 11. O-O Nb4 12. Na2 Nxa2 13. Rxa2 Nf6 14. Re1 a6 15.
Bd3 Re8 16. b3 Bg4 17. h3 Bxf3 18. Qxf3 Nxd5 19. Bc4 Nc3 20. Rc2 Bd4+ 21. Kh1
d5 22. Rxc3 Bxc3 23. Qxc3 dxc4 24. Bb2 Qd4 25. Qc2 Qd3 26. Qxc4 Qxc4 27. bxc4
Rad8 28. Bf6 Rd3 29. e5 Re6 0-1

[Event "PRAGUE OPEN 2019 - A - IM open"]
[Site "Praha, Olympik hotel"]
[Date "2019.01.11"]
[Round "1"]
[White "Jun, Rudolf"]
[Black "Gomes, Mary Ann"]
[Result "1/2-1/2"]
[WhiteElo "1967"]
[BlackElo "2296"]
[PlyCount "50"]
[EventDate "2019.01.11"]

1. e4 c5 2. c4 Nc6 3. Nf3 g6 4. d4 cxd4 5. Nxd4 Bg7 6. Be3 Nf6 7. Nc3 O-O 8.
Be2 d6 9. O-O Nxd4 10. Bxd4 Bd7 11. h3 Bc6 12. Qc2 a6 13. Rad1 Qc7 14. b4 Rfc8
15. Nd5 Bxd5 16. exd5 Nd7 17. Bxg7 Kxg7 18. Bg4 f5 19. Rfe1 Re8 20. Bf3 Rac8
21. Qc3+ Kg8 22. Rc1 a5 23. a3 axb4 24. axb4 Ne5 25. c5 Ra8 1/2-1/2

[Event "PRAGUE OPEN 2019 - A - IM open"]
[Site "Praha, Olympik hotel"]
[Date "2019.01.11"]
[Round "1"]
[White "Serrano Salvador, Eduardo"]
[Black "Harstad, Christian"]
[Result "1-0"]
[WhiteElo "2282"]
[BlackElo "1961"]
[PlyCount "61"]
[EventDate "2019.01.11"]

1. d4 Nf6 2. Nf3 c5 3. d5 e6 4. c4 exd5 5. cxd5 d6 6. Nc3 g6 7. h3 Bg7 8. e4
O-O 9. Bd3 b5 10. Nxb5 Nxe4 11. Bxe4 Re8 12. Ng5 a6 13. Nc3 h6 14. Ne6 fxe6 15.
O-O g5 16. f4 gxf4 17. Bxf4 e5 18. Be3 Qh4 19. Bg6 Re7 20. Ne4 Rb7 21. Qf3 Bd7
22. Qf7+ Kh8 23. Nf6 Nc6 24. Nxd7 Nd4 25. Bxd4 cxd4 26. Bf5 Qg5 27. h4 Qe3+ 28.
Kh2 Rf8 29. Qg6 Rxf5 30. Rxf5 Rxb2 31. Raf1 1-0